Фильтрация в стохастических системах с непрерывным временем по наблюдениям с памятью при наличии аномальных помех. Синтез; Известия вузов. Физика; Т. 57, № 11-2
| Parent link: | Известия вузов. Физика: научный журнал/ Национальный исследовательский Томский государственный университет (ТГУ).— , 1957- Т. 57, № 11-2.— 2014.— [С. 332-338] |
|---|---|
| Autor Principal: | |
| Autor Corporativo: | |
| Outros autores: | |
| Summary: | Заглавие с экрана Для линейной стохастической системы с непрерывным временем осуществлен синтез оптимального в среднеквадратическом смысле несмещенного фильтра для оценивания вектора состояния, когда в канале наблюдения с памятью, кроме регулярных, действуют аномальные помехи с неизвестным математическим ожиданием. Режим доступа: по договору с организацией-держателем ресурса |
| Idioma: | ruso |
| Publicado: |
2014
|
| Subjects: | |
| Acceso en liña: | http://elibrary.ru/item.asp?id=23046978 |
| Formato: | MixedMaterials Electrónico Capítulo de libro |
| KOHA link: | https://koha.lib.tpu.ru/cgi-bin/koha/opac-detail.pl?biblionumber=642204 |
MARC
| LEADER | 00000nla0a2200000 4500 | ||
|---|---|---|---|
| 001 | 642204 | ||
| 005 | 20250127135936.0 | ||
| 035 | |a (RuTPU)RU\TPU\network\7143 | ||
| 090 | |a 642204 | ||
| 100 | |a 20150616d2014 k||y0rusy50 ca | ||
| 101 | 0 | |a rus | |
| 102 | |a RU | ||
| 135 | |a drcn ---uucaa | ||
| 181 | 0 | |a i | |
| 182 | 0 | |a b | |
| 200 | 1 | |a Фильтрация в стохастических системах с непрерывным временем по наблюдениям с памятью при наличии аномальных помех. Синтез |f С. В. Рожкова, О. В. Рожкова | |
| 203 | |a Текст |c электронный | ||
| 300 | |a Заглавие с экрана | ||
| 320 | |a [Библиогр.: с. 338 (20 назв.)] | ||
| 330 | |a Для линейной стохастической системы с непрерывным временем осуществлен синтез оптимального в среднеквадратическом смысле несмещенного фильтра для оценивания вектора состояния, когда в канале наблюдения с памятью, кроме регулярных, действуют аномальные помехи с неизвестным математическим ожиданием. | ||
| 333 | |a Режим доступа: по договору с организацией-держателем ресурса | ||
| 461 | |t Известия вузов. Физика |o научный журнал |f Национальный исследовательский Томский государственный университет (ТГУ) |d 1957- | ||
| 463 | |t Т. 57, № 11-2 |v [С. 332-338] |d 2014 | ||
| 610 | 1 | |a электронный ресурс | |
| 610 | 1 | |a труды учёных ТПУ | |
| 610 | 1 | |a стохастические системы | |
| 610 | 1 | |a аномальные помехи | |
| 610 | 1 | |a синтез | |
| 610 | 1 | |a математическое ожидание | |
| 700 | 1 | |a Рожкова |b С. В. |c математик |c профессор Томского политехнического университета, доктор физико-математических наук |f 1971- |g Светлана Владимировна |3 (RuTPU)RU\TPU\pers\25740 |9 11642 | |
| 701 | 1 | |a Рожкова |b О. В. |c математик |c доцент Томского политехнического университета, кандидат физико-математических наук |f 1966- |g Ольга Владимировна |3 (RuTPU)RU\TPU\pers\25739 |9 11641 | |
| 712 | 0 | 2 | |a Национальный исследовательский Томский политехнический университет (ТПУ) |b Физико-технический институт (ФТИ) |b Кафедра высшей математики (ВМ) |3 (RuTPU)RU\TPU\col\18728 |
| 801 | 2 | |a RU |b 63413507 |c 20150616 |g RCR | |
| 856 | 4 | |u http://elibrary.ru/item.asp?id=23046978 | |
| 942 | |c CF | ||